000
00321nam a22001217a 4500
008
250505b |||||||| |||| 00| 0 eng d
020
_a
812192197X
100
_a
M.A. Wren P.C.
245
_a
Wren & Martin highschool grammar and composition
260
_a
New Delhi
_b
S. Chand& company
_c
2000
300
_a
416p.
942
_c
BK
999
_c
3300
_d
3300